Statystyki dla Najlepsi Piłkarze na Świecie w 2022r.

Kliknij tutaj aby rozwiązać quiz!

Ogólne statystyki

  • Ten quiz został rozwiązany 4 890 razy
  • Średni wynik to 9 z 19

Statystyki odpowiedzi

HintOdpowiedź% Poprawnych
PortugaliaRonaldo
98%
FrancjaMbappe
95%
ArgentynaMessi
89%
PolskaLewandowski
78%
Korea Poł.Son
75%
EgiptSalah
66%
BelgiaDe Bruyne
63%
SenegalMane
55%
FrancjaBenzema
48%
BrazyliaVinicius
39%
HolandiaVan Dijk
37%
BelgiaCourtois
33%
AngliaFoden
20%
BrazyliaAlisson
18%
BrazyliaEderson
15%
PortugaliaDias
13%
UrugwajAraujo
11%
PortugaliaCancelo
11%
AngliaArnold
3%

Rozkład punktacji

Percentyl według liczby udzielonych odpowiedzi

Procent ludzi z każdym wynikiem

Twoja historia wyników

Nie rozwiązałeś tego quizu